01097nam a2200277 i 4500003000900000005001700009007000300026008004100029040003000070041000800100082001900108100004300127245011100170250002300281264007800304300002900382336002700411337003400438338002800472500006700500590002800567700004500595942001400640952014800654999001700802DO-SdBNP20251017091848.0ta251017b2022 dr ||||| |||| 00| 0 spa d aDO-SdBNPbspacBNPHUerda aspa 4axxxbM878r2221 aMorrison, Eglenin,4aut.eautor98871210aRepensando el Estado dominicano :buna visión de país /cEglenin Morrison ; prólogo, Daniel Ivoskus. aPrimera edición  4aSanto Domingo, República Dominicana :bEditorial Cosme Perez, c©2022. a409 páginas ;c23 cm.  atextobtxt2rdacontent asin mediación bn2rdamedia avolumenbnc2rdacarrier aIncluye datos biográficos de la autora en la contracubierta. aInventariado, 2025 / LP aIvoskus, Danieleprologuista4pr.974529 2ddccLBS1 00102ddc51708PDaBNPHUbBNPHUcHDd2024-07-18eDonado por Claro Dominicanal0oBNPHU PD xxx M878rp2025-11937r2025-10-17w2025-10-17yLBS1 c59977d59977